000 00324nam a2200133Ia 4500
008 220216s9999 xx 000 0 und d
100 _aMajumdar S
245 0 _aButyl inner tube compounding
260 _bRubber Chem Review
_c1997
300 _a17-36
650 _aButyl inner tube
650 _aButyl rubber
942 _cJS
999 _c55026
_d55026